| 000 | 00716nam a22002057a 4500 | ||
|---|---|---|---|
| 005 | 20260515144944.0 | ||
| 010 | _aENG-148488 | ||
| 020 |
_a9789371363556 _c815.00 |
||
| 035 | _aEN-132020 | ||
| 037 | _bDBAD | ||
| 082 |
_a658.3 _26 |
||
| 100 |
_aMahajan, Mahak _961511 |
||
| 245 |
_aNTA-UGC Management Paper-2 / _cMahak Mahajan & Rahat Arora |
||
| 250 | _a6th | ||
| 260 |
_aNoida, Uttar Pradesh _bPearson India Education Services Pvt. Ltd _c2026 |
||
| 270 |
_a1st Floor, Berger Tower, Plot No. C-001A/2, Sector 16B, _bNoida, Uttar Pradesh _e201301 _mcompanysecretary.india@pearson.com |
||
| 300 |
_avarious pages _c26cm(pbk) |
||
| 700 |
_a Arora, Rahat _989117 |
||
| 942 |
_2ddc _cEN _h658.3 _mMAH |
||
| 999 |
_c216223 _d216223 |
||